[Event "Politiken Cup 2007"]
[Site "Helsingor"]
[Date "2007.07.25"]
[Round "7.10"]
[White "Khenkin, Igor"]
[Black "Sorensen, Torben"]
[Result "1-0"]
[WhiteElo "2602"]
[BlackElo "2375"]
[PlyCount "65"]
[EventDate "2007.??.??"]

1. d4 f5 2. g3 Nf6 3. Bg2 g6 4. c3 d6 5. Nd2 Bg7 6. e4 Nc6 7. exf5 Bxf5 8. Qb3
Rb8 9. Ne2 e5 10. O-O d5 11. c4 Be6 12. dxe5 dxc4 13. Qa4 Nd7 14. Nf4 Bf5 15.
Nxc4 O-O 16. Rd1 Ncxe5 17. Nxe5 Bxe5 18. Qc4+ Kh8 19. g4 b5 20. Qe2 Re8 21.
gxf5 Bxf4 22. Qg4 Bxc1 23. Raxc1 Ne5 24. Qh3 Qf6 25. Rxc7 Re7 26. Rxe7 Qxe7 27.
Qc3 b4 28. Qd4 Qg7 29. fxg6 hxg6 30. Qh4+ Qh7 31. Qf6+ Qg7 32. Qh4+ Kg8 33.
Bd5+ 1-0

[Event "Politiken Cup 2007"]
[Site "Helsingor"]
[Date "2007.07.25"]
[Round "7.11"]
[White "Hector, Jonny"]
[Black "Thorfinnsson, Bragi"]
[Result "0-1"]
[WhiteElo "2550"]
[BlackElo "2389"]
[PlyCount "102"]
[EventDate "2007.??.??"]

1. d4 d5 2. Nc3 Nf6 3. Bg5 c5 4. Bxf6 gxf6 5. e3 Nc6 6. Qh5 cxd4 7. exd4 e6 8.
O-O-O Bb4 9. Nge2 f5 10. h4 Bd7 11. Rh3 Qf6 12. Nb5 O-O-O 13. Qg5 Qxg5+ 14.
hxg5 Rdg8 15. f4 h6 16. gxh6 Rg6 17. a3 Be7 18. Nbc3 Bf6 19. Rdd3 Rhxh6 20. Kd2
Rxh3 21. gxh3 Ne7 22. a4 Kb8 23. Ke3 Bh4 24. b3 Nc8 25. Nb1 Nd6 26. Rd1 Ne4 27.
Nd2 Rg8 28. Ra1 Bf2+ 29. Kd3 f6 30. c4 Bc6 31. c5 Be8 32. b4 Bh5 33. Ra2 Be1
34. Nxe4 fxe4+ 35. Ke3 Bxb4 36. a5 Bxe2 37. Bxe2 Rg3+ 38. Kf2 Rxh3 39. a6 Bc3
40. axb7 Bxd4+ 41. Kg2 Rc3 42. Ra6 Rc2 43. Kf1 Kxb7 44. Rxe6 Rxc5 45. Bh5 Kc7
46. Bf7 Rc2 47. Re8 Kd7 48. Rb8 e3 49. Bh5 Rf2+ 50. Ke1 Bc3+ 51. Kd1 Rd2+ 0-1

[Event "Politiken Cup 2007"]
[Site "Helsingor"]
[Date "2007.07.25"]
[Round "7.12"]
[White "Jepson, Christian"]
[Black "Lie, Kjetil A"]
[Result "0-1"]
[WhiteElo "2374"]
[BlackElo "2536"]
[PlyCount "81"]
[EventDate "2007.??.??"]

1. Nf3 c5 2. c4 g6 3. e4 Bg7 4. d4 cxd4 5. Nxd4 Nc6 6. Be3 Nf6 7. Nc3 Ng4 8.
Qxg4 Nxd4 9. Qd1 e5 10. Nb5 O-O 11. Qd2 Qe7 12. Rd1 d5 13. cxd5 Bd7 14. Nc3
Rac8 15. Bd3 Bg4 16. Rc1 Qh4 17. Bg5 Qh5 18. f3 Bxf3 19. O-O Qg4 20. Kh1 f5 21.
gxf3 Nxf3 22. Qg2 Nxg5 23. exf5 Qh3 24. Rcd1 Qh4 25. fxg6 hxg6 26. d6 Kh7 27.
Ne4 Ne6 28. Be2 Qh6 29. Bg4 Nf4 30. Rxf4 Qxf4 31. Bxc8 Rxc8 32. Ng5+ Kh6 33.
Rg1 Qf5 34. Qg3 Rc4 35. Qg2 Bf6 36. Nf3 Rf4 37. d7 Rxf3 38. Qd2+ Rf4 39. Rf1
Qe4+ 40. Kg1 Qd4+ 41. Qxd4 0-1

[Event "Politiken Cup 2007"]
[Site "Helsingor"]
[Date "2007.07.25"]
[Round "7.13"]
[White "Rohit, G."]
[Black "Larsen, Karsten"]
[Result "1-0"]
[WhiteElo "2470"]
[BlackElo "2325"]
[PlyCount "117"]
[EventDate "2007.??.??"]

1. e4 e5 2. Nf3 Nc6 3. Bb5 a6 4. Ba4 Nf6 5. O-O b5 6. Bb3 Bc5 7. a4 Rb8 8. c3
d6 9. d4 Bb6 10. a5 Ba7 11. h3 O-O 12. Be3 Ra8 13. Bg5 h6 14. Bh4 Qe7 15. Re1
Bb7 16. Bd5 Rab8 17. Na3 g5 18. Bg3 Nd7 19. Nc2 Qf6 20. Qd3 Rfe8 21. Qd1 Nf8
22. Re3 Ng6 23. Nh2 Nf4 24. Rf3 Ne7 25. Ng4 Qg7 26. Bxb7 Rxb7 27. dxe5 dxe5 28.
Qd7 Rbb8 29. Qxc7 h5 30. Nxe5 Rbc8 31. Qxa7 Qxe5 32. Bxf4 gxf4 33. Qd4 Qg5 34.
h4 Qxh4 35. Qe5 Ng6 36. Qf5 Rcd8 37. Rh3 Qg4 38. Nd4 Re5 39. Qf6 Rxd4 40. cxd4
Rg5 41. Rh2 f3 42. Rc1 fxg2 43. f3 Qg3 44. e5 h4 45. e6 fxe6 46. Rh3 Qxh3 47.
Qxg5 Kf7 48. Rc7+ Ke8 49. Qxg2 Qf5 50. Qc2 Qg5+ 51. Kh1 Ne7 52. Qc5 Qf6 53. f4
h3 54. Qg5 Qf7 55. Kh2 Qh7 56. Qf6 Kd8 57. Qe5 Qh4 58. Rc2 Qg4 59. Qb8+ 1-0

[Event "Politiken Cup 2007"]
[Site "Helsingor"]
[Date "2007.07.25"]
[Round "7.14"]
[White "Rasmussen, Allan Stig"]
[Black "Christensen, Svend Ellegaard"]
[Result "1-0"]
[WhiteElo "2450"]
[BlackElo "2199"]
[PlyCount "83"]
[EventDate "2007.??.??"]

1. e4 c5 2. Nf3 e6 3. d4 cxd4 4. Nxd4 Nf6 5. Nc3 Nc6 6. Ndb5 Bb4 7. a3 Bxc3+ 8.
Nxc3 d5 9. Bd3 dxe4 10. Nxe4 Nxe4 11. Bxe4 Qxd1+ 12. Kxd1 Bd7 13. Be3 O-O-O 14.
Kc1 f5 15. Bd3 a6 16. b3 Ne5 17. Be2 Bc6 18. f3 h6 19. Kb2 Rd7 20. Rad1 Rhd8
21. Rxd7 Rxd7 22. Re1 g5 23. Bf1 Rd6 24. Bc5 Rd5 25. Bf8 g4 26. Bg7 Nd7 27.
fxg4 fxg4 28. Bxh6 Rf5 29. Be3 e5 30. Be2 Bxg2 31. Bxg4 Rf1 32. Rxf1 Bxf1 33.
Bb6 Bg2 34. h4 Be4 35. h5 Bh7 36. c4 e4 37. Kc3 e3 38. b4 Bb1 39. a4 Bh7 40. h6
Bg6 41. b5 axb5 42. axb5 1-0

[Event "Politiken Cup 2007"]
[Site "Helsingor"]
[Date "2007.07.25"]
[Round "7.17"]
[White "Lund, Esben"]
[Black "Ringoir, Tanguy"]
[Result "1/2-1/2"]
[WhiteElo "2396"]
[BlackElo "2208"]
[PlyCount "38"]
[EventDate "2007.??.??"]

1. d4 Nf6 2. c4 e6 3. Nc3 Bb4 4. e3 b6 5. Bd3 Bb7 6. Nge2 Bxg2 7. Rg1 Bf3 8.
Rg3 Bh5 9. e4 Bg6 10. a3 Bxc3+ 11. Nxc3 Nc6 12. e5 Ng8 13. Bg5 f6 14. exf6 gxf6
15. Bh4 Nce7 16. Be4 Rc8 17. Qf3 Kf7 18. O-O-O Qf8 19. Rdg1 c6 1/2-1/2

[Event "Politiken Cup 2007"]
[Site "Helsingor"]
[Date "2007.07.25"]
[Round "7.18"]
[White "Aabling-Thomsen, Jakob"]
[Black "Zude, Erik Dr"]
[Result "0-1"]
[WhiteElo "2242"]
[BlackElo "2399"]
[PlyCount "90"]
[EventDate "2007.??.??"]

1. e4 e6 2. Qe2 Nf6 3. e5 Nd5 4. Nc3 Nxc3 5. dxc3 Nc6 6. Nf3 d5 7. exd6 Bxd6 8.
Bg5 f6 9. Bh4 O-O 10. O-O-O Qe8 11. Nd2 Kh8 12. Nc4 Bf4+ 13. Ne3 e5 14. Bg3 Bh6
15. Kb1 Be6 16. h3 Qf7 17. Ng4 Bf4 18. Bxf4 exf4 19. b3 a5 20. Qb5 a4 21. Bd3
axb3 22. axb3 Rfb8 23. b4 Ra3 24. Kc1 Rxc3 25. Kb2 Nd4 26. Qa4 Rc6 27. b5 Rd6
28. Rhe1 Rbd8 29. Kc1 c5 30. bxc6 bxc6 31. Qa5 Bc4 32. Qb4 Bxd3 33. Rxd3 Qd7
34. Nh2 h6 35. Nf3 Nxc2 36. Qxd6 Nxe1 37. Qf8+ Rxf8 38. Rxd7 Nxf3 39. gxf3 Re8
40. Kd2 Re5 41. Rd4 Rh5 42. Rxf4 Rxh3 43. Rc4 Rxf3 44. Ke2 Rf5 45. Rxc6 Kh7 0-1

[Event "Politiken Cup 2007"]
[Site "Helsingor"]
[Date "2007.07.25"]
[Round "7.19"]
[White "Christensen, Bo Garner"]
[Black "Stripunsky, Alexander"]
[Result "0-1"]
[WhiteElo "2223"]
[BlackElo "2589"]
[PlyCount "72"]
[EventDate "2007.??.??"]

1. e4 c5 2. Nf3 e6 3. d4 cxd4 4. Nxd4 a6 5. Bd3 Qc7 6. O-O Nf6 7. Nc3 Nc6 8.
Be3 h5 9. h3 Bd6 10. Nxc6 dxc6 11. f4 e5 12. f5 Bb4 13. Na4 Nd7 14. a3 Be7 15.
b4 b5 16. Nc3 Bb7 17. Qf3 Rc8 18. Ne2 c5 19. c3 Nf6 20. a4 bxa4 21. Rxa4 Qd7
22. Bxa6 Qxa4 23. Bxb7 Rc7 24. Bd5 cxb4 25. cxb4 Qxb4 26. Qg3 Nxd5 27. exd5 Bf6
28. Qf3 h4 29. Bc1 O-O 30. Ba3 Qb6+ 31. Kh1 Rfc8 32. Qd3 Rc4 33. Bc1 e4 34. Qd1
Qc5 35. d6 Rd8 36. Qb3 Rxd6 0-1

[Event "Politiken Cup 2007"]
[Site "Helsingor"]
[Date "2007.07.25"]
[Round "7.20"]
[White "Godena, Michele"]
[Black "Jorgensen, Dennis"]
[Result "1-0"]
[WhiteElo "2547"]
[BlackElo "2190"]
[PlyCount "83"]
[EventDate "2007.??.??"]

1. e4 c6 2. d4 d5 3. Nd2 dxe4 4. Nxe4 Bf5 5. Nc5 b6 6. Nb3 e6 7. Nf3 Bd6 8. g3
Qc7 9. Bg2 Ne7 10. Nh4 Bg6 11. Nxg6 hxg6 12. Nd2 Nd7 13. Ne4 Nf6 14. Nxd6+ Qxd6
15. O-O O-O 16. c3 Rac8 17. Bg5 Rfd8 18. Qa4 a5 19. Rfd1 Qc7 20. h4 b5 21. Qc2
Ned5 22. Qe2 a4 23. a3 Re8 24. Re1 Nb6 25. Qf3 Nfd5 26. Re2 Nc4 27. Rae1 Qd7
28. Bc1 Nd6 29. h5 gxh5 30. Qxh5 Nf5 31. Bf3 Nfe7 32. Kg2 Ng6 33. Bg5 Nde7 34.
Rh1 f6 35. Bg4 Qd5+ 36. Kg1 e5 37. Bxc8 Rxc8 38. Bd2 Qb3 39. dxe5 Nxe5 40. Be1
Qd5 41. f4 Nf3+ 42. Kf2 1-0

[Event "Politiken Cup 2007"]
[Site "Helsingor"]
[Date "2007.07.25"]
[Round "7.21"]
[White "Holzke, Frank"]
[Black "Rossen, Claus"]
[Result "1-0"]
[WhiteElo "2489"]
[BlackElo "2200"]
[PlyCount "47"]
[EventDate "2007.??.??"]

1. e4 g6 2. d4 Bg7 3. Nc3 d6 4. Be3 c6 5. Qd2 Qa5 6. h3 Nd7 7. Nf3 b5 8. Bd3
Ngf6 9. O-O Bb7 10. e5 dxe5 11. dxe5 Ng8 12. e6 fxe6 13. Nxb5 Qxd2 14. Nc7+ Kd8
15. Nxe6+ Kc8 16. Nxd2 Bxb2 17. Rab1 Be5 18. Rxb7 Kxb7 19. Rb1+ Nb6 20. Ba6+
Kxa6 21. Nc5+ Ka5 22. Nde4 Nc4 23. Bd2+ Nxd2 24. Nxd2 1-0

[Event "Politiken Cup 2007"]
[Site "Helsingor"]
[Date "2007.07.25"]
[Round "7.22"]
[White "Thorhallsson, Throstur"]
[Black "Zelbel, Patrick"]
[Result "1-0"]
[WhiteElo "2461"]
[BlackElo "2193"]
[PlyCount "65"]
[EventDate "2007.??.??"]

1. e4 c5 2. Nf3 d6 3. d4 cxd4 4. Nxd4 Nf6 5. Nc3 a6 6. f4 e5 7. Nf3 Nbd7 8. a4
Be7 9. Bc4 Qa5 10. Qe2 b5 11. Bb3 Bb7 12. Bd2 b4 13. Na2 Nxe4 14. Bxb4 Qd8 15.
O-O-O O-O 16. fxe5 dxe5 17. Nxe5 Bxb4 18. Nxd7 Qg5+ 19. Kb1 Nd2+ 20. Rxd2 Qxd2
21. Qxd2 Bxd2 22. Nxf8 Kxf8 23. Rf1 f6 24. Rd1 Rd8 25. Nb4 Bxg2 26. Nxa6 Bf3
27. Rg1 Rc8 28. c3 f5 29. Rf1 Bg4 30. Kc2 Be3 31. h3 Bxh3 32. Rf3 Bg2 33. Rxe3
1-0

[Event "Politiken Cup 2007"]
[Site "Helsingor"]
[Date "2007.07.25"]
[Round "7.23"]
[White "Duchene, Rene"]
[Black "Karttunen, Mika"]
[Result "1/2-1/2"]
[WhiteElo "2188"]
[BlackElo "2447"]
[PlyCount "37"]
[EventDate "2007.??.??"]

1. Nf3 d5 2. d4 Nf6 3. c4 c6 4. e3 a6 5. Nc3 b5 6. b3 Bf5 7. Be2 e6 8. O-O Nbd7
9. a4 b4 10. Nb1 Bd6 11. Bb2 Qb8 12. Nbd2 O-O 13. h3 h6 14. Rc1 g5 15. Ne1 Kh7
16. Nd3 Ne4 17. cxd5 cxd5 18. Nxe4 Bxe4 19. Nc5 1/2-1/2

[Event "Politiken Cup 2007"]
[Site "Helsingor"]
[Date "2007.07.25"]
[Round "7.24"]
[White "Wiwe, Andreas"]
[Black "Hammer, Jon Ludvig"]
[Result "0-1"]
[WhiteElo "2187"]
[BlackElo "2412"]
[PlyCount "64"]
[EventDate "2007.??.??"]

1. e4 e5 2. Nf3 Nc6 3. Bb5 a6 4. Ba4 Nf6 5. O-O b5 6. Bb3 Bc5 7. c3 d6 8. a4
Rb8 9. d4 Bb6 10. Na3 O-O 11. axb5 axb5 12. Nxb5 Bg4 13. d5 Ne7 14. Bc2 Qe8 15.
c4 Nxe4 16. Bxe4 f5 17. Bd3 e4 18. Be2 exf3 19. Bxf3 Ng6 20. b3 Nh4 21. Bxg4
fxg4 22. Bg5 Qh5 23. Be3 Rf6 24. Nd4 Rbf8 25. Ra2 Bxd4 26. Qxd4 Nf3+ 27. gxf3
gxf3 28. Kh1 Rg6 29. Raa1 Rg2 30. Bf4 Qg4 31. Rg1 Rxf4 32. Qe3 Rxh2+ 0-1

[Event "Politiken Cup 2007"]
[Site "Helsingor"]
[Date "2007.07.25"]
[Round "7.25"]
[White "Pedersen, Christian Kyndel"]
[Black "Laursen, Niels Norskov"]
[Result "1-0"]
[WhiteElo "2392"]
[BlackElo "2186"]
[PlyCount "91"]
[EventDate "2007.??.??"]

1. Nf3 c5 2. g3 b6 3. Bg2 Bb7 4. O-O Nf6 5. d3 g6 6. e4 d6 7. Re1 Bg7 8. c3 O-O
9. Nbd2 Nc6 10. a3 Ne5 11. Nxe5 dxe5 12. Nc4 Ne8 13. f4 exf4 14. gxf4 e6 15.
Be3 Nd6 16. Nd2 f5 17. Qb3 Qe8 18. Bf2 Kh8 19. Bg3 Rd8 20. Rad1 Bc6 21. Qc2 Ba4
22. b3 Bc6 23. a4 Qd7 24. Nf3 Qc8 25. e5 Ne8 26. d4 cxd4 27. Nxd4 Bxg2 28. Kxg2
Nc7 29. c4 Rd7 30. Kg1 Qb7 31. Qg2 Qxg2+ 32. Kxg2 Rfd8 33. Bh4 Rg8 34. Nc6 Rxd1
35. Rxd1 Na6 36. Nd8 Re8 37. Nxe6 Bxe5 38. fxe5 Rxe6 39. Bf6+ Kg8 40. Rd8+ Kf7
41. Rd7+ Kg8 42. Rxa7 Nc5 43. b4 Nd3 44. a5 bxa5 45. b5 Nc5 46. Rc7 1-0

[Event "Politiken Cup 2007"]
[Site "Helsingor"]
[Date "2007.07.25"]
[Round "7.26"]
[White "Brondum, Eric"]
[Black "Olsson, Linus"]
[Result "0-1"]
[WhiteElo "2169"]
[BlackElo "2377"]
[PlyCount "98"]
[EventDate "2007.??.??"]

1. Nf3 c5 2. g3 b6 3. Bg2 Bb7 4. c4 e6 5. Nc3 Nf6 6. O-O Be7 7. d3 O-O 8. e4 d6
9. a3 Nc6 10. Rb1 Nd7 11. b4 Bf6 12. Ne2 Qc7 13. Be3 Rad8 14. Qc2 Rfe8 15. h3
Ba8 16. Rfd1 Nde5 17. Nh2 g6 18. f4 Nd7 19. Rf1 Bg7 20. Nf3 d5 21. Bf2 dxe4 22.
dxe4 e5 23. Nc3 Nd4 24. Nxd4 cxd4 25. Nb5 Qb8 26. fxe5 Bxe5 27. Nxd4 Bxg3 28.
c5 Bxf2+ 29. Qxf2 Ne5 30. c6 b5 31. Rbc1 Rc8 32. Rc5 a6 33. Qf6 Qc7 34. Kh1 Qe7
35. Qxe7 Rxe7 36. Rc3 Kg7 37. a4 bxa4 38. Ra1 Rec7 39. Rxa4 Nxc6 40. Nxc6 Bxc6
41. Rxa6 Bxe4 42. Rxc7 Bxg2+ 43. Kxg2 Rxc7 44. Rb6 Rc3 45. Rb7 h6 46. Kh2 g5
47. b5 Rb3 48. Kg2 Kg6 49. Rb8 Kf5 0-1

[Event "Politiken Cup 2007"]
[Site "Helsingor"]
[Date "2007.07.25"]
[Round "7.27"]
[White "Vas, Peter"]
[Black "Rasmussen, Casper"]
[Result "0-1"]
[WhiteElo "2166"]
[BlackElo "2351"]
[PlyCount "100"]
[EventDate "2007.??.??"]

1. e4 e5 2. Nf3 Nf6 3. Nxe5 d6 4. Nf3 Nxe4 5. d3 Nf6 6. d4 d5 7. Bd3 c5 8. c3
Nc6 9. h3 cxd4 10. Nxd4 Nxd4 11. cxd4 Bb4+ 12. Bd2 Bxd2+ 13. Qxd2 O-O 14. O-O
a6 15. a4 Qd6 16. Nc3 Re8 17. Rfe1 Bd7 18. f4 Rxe1+ 19. Rxe1 Qb4 20. Bc2 Rc8
21. Rd1 Kf8 22. Bb1 Bxa4 23. Nxa4 Qxa4 24. Kh2 Qc4 25. Re1 b5 26. Qe3 Qb4 27.
Qf2 Rc4 28. Rd1 Rc8 29. Re1 Rc4 30. Rd1 a5 31. g4 Qa4 32. Rd2 Rc1 33. Bd3 Qb4
34. Re2 Rc8 35. g5 Ne4 36. Bxe4 dxe4 37. Rxe4 Rd8 38. Qe2 g6 39. Kg3 a4 40. Re5
Qb3+ 41. Kg4 b4 42. Kh4 a3 43. bxa3 bxa3 44. Qa6 Kg8 45. Qc6 a2 46. Re8+ Rxe8
47. Qxe8+ Kg7 48. Qe5+ Kf8 49. d5 Qb4 50. d6 a1=Q 0-1

[Event "Politiken Cup 2007"]
[Site "Helsingor"]
[Date "2007.07.25"]
[Round "7.28"]
[White "Nithander, Victor"]
[Black "Nielsen, Jan Mose"]
[Result "1-0"]
[WhiteElo "2357"]
[BlackElo "2175"]
[PlyCount "69"]
[EventDate "2007.??.??"]

1. e4 c5 2. Nf3 d6 3. d4 cxd4 4. Nxd4 Nf6 5. Nc3 a6 6. Be2 Nbd7 7. O-O g6 8.
Be3 Bg7 9. f4 b5 10. Bf3 e5 11. Nc6 Qc7 12. fxe5 dxe5 13. Nb4 O-O 14. a4 Bb7
15. Nbd5 Nxd5 16. exd5 b4 17. d6 Bxf3 18. gxf3 Qb7 19. Qd5 Qc8 20. Ne4 Nf6 21.
Nxf6+ Bxf6 22. Rac1 Qd7 23. c4 bxc3 24. bxc3 Qxa4 25. c4 Rab8 26. c5 Rb2 27.
Rf2 Rfb8 28. c6 Rxf2 29. Bxf2 Qf4 30. Rd1 Qg5+ 31. Kh1 Rb2 32. c7 Rc2 33. Qa8+
Kg7 34. c8=Q Rxf2 35. Qf8# 1-0

[Event "Politiken Cup 2007"]
[Site "Helsingor"]
[Date "2007.07.25"]
[Round "7.29"]
[White "Petersen, Steen"]
[Black "Kjartansson, Gudmundur"]
[Result "0-1"]
[WhiteElo "2165"]
[BlackElo "2306"]
[PlyCount "102"]
[EventDate "2007.??.??"]

1. e4 c6 2. d4 d5 3. Nc3 dxe4 4. Nxe4 Nd7 5. Nf3 Ngf6 6. Ng3 e6 7. Bd3 Be7 8.
O-O O-O 9. c4 c5 10. b3 b6 11. Bb2 Bb7 12. Qe2 Re8 13. Rad1 Qc7 14. Bb1 Rad8
15. Ne5 cxd4 16. Bxd4 Nf8 17. Bb2 Ng6 18. Nxg6 hxg6 19. Be5 Qc6 20. f3 Qc5+ 21.
Kh1 Rxd1 22. Rxd1 Rd8 23. Rxd8+ Bxd8 24. Bb2 Bc7 25. Qd2 Nh5 26. Ne4 Qe7 27.
Qg5 Qe8 28. Ba3 f5 29. Nd6 Qd7 30. Qd2 Nf6 31. Qd3 Bc6 32. Nb5 Bxb5 33. cxb5
Nd5 34. Bb2 Qd6 35. g3 Bd8 36. Kg2 Bf6 37. Bxf6 gxf6 38. a4 Kf7 39. Bc2 Qc5 40.
Bb1 g5 41. Qd2 Ne3+ 42. Kh1 Ke7 43. Ba2 g4 44. f4 Qd5+ 45. Qxd5 Nxd5 46. Bb1
Kd6 47. Bd3 Kc5 48. Kg1 Kd4 49. Bc4 e5 50. Kf2 exf4 51. Bxd5 Kxd5 0-1

[Event "Politiken Cup 2007"]
[Site "Helsingor"]
[Date "2007.07.25"]
[Round "7.30"]
[White "Jørgensen, Carina Eilegaard"]
[Black "Tocklin, Tomi"]
[Result "0-1"]
[WhiteElo "1726"]
[BlackElo "1943"]
[PlyCount "198"]
[EventDate "2007.??.??"]

1. e4 c6 2. d4 d5 3. exd5 cxd5 4. Nf3 Nf6 5. g3 Nc6 6. Bg2 Bg4 7. c3 e6 8. Bf4
Bd6 9. Bxd6 Qxd6 10. Qb3 O-O 11. O-O Na5 12. Qa3 Qxa3 13. Nxa3 a6 14. Ne5 Bf5
15. b4 Nc6 16. Nxc6 bxc6 17. f3 a5 18. Nb1 axb4 19. cxb4 Rfb8 20. a3 Rxb4 21.
axb4 Rxa1 22. Nc3 Ra3 23. Rc1 Bd3 24. Nd1 Ra6 25. Bf1 Bxf1 26. Kxf1 Kf8 27. Ne3
Ke7 28. Nc2 Kd6 29. Ra1 Rxa1+ 30. Nxa1 Kc7 31. Ke2 Kb6 32. Kd3 Kb5 33. Kc3 Ne8
34. Nb3 Nc7 35. Nc5 Na6 36. Nb7 f6 37. Nd6+ Ka4 38. f4 Nc7 39. Nf7 Nb5+ 40. Kd3
Kxb4 41. Nd8 Nc7 42. Nxc6+ Kb5 43. Na7+ Kb6 44. Nc8+ Kc6 45. f5 Kd7 46. Nb6+
Ke7 47. fxe6 Kxe6 48. Ke3 Nb5 49. Na4 Kf5 50. Nb6 Nc7 51. h3 Ke6 52. Na4 Kd6
53. Nc5 Ne6 54. Nd3 Ng5 55. Nf2 Ke6 56. Kf4 Nf7 57. Ng4 Nd6 58. Ne3 g6 59. g4
g5+ 60. Kf3 Nb5 61. Nf5 Nd6 62. Ne3 f5 63. gxf5+ Nxf5 64. Nc2 h5 65. Kf2 Kd6
66. Kf3 Kd7 67. Kf2 Ke6 68. Kf3 Ne7 69. Kf2 Kf5 70. Kf3 Nc6 71. Ne3+ Ke6 72.
Nc2 Na5 73. Kf2 Nc4 74. Ke2 Kf5 75. Kf3 Nd2+ 76. Ke2 Ne4 77. Kf3 Nf6 78. Ne3+
Ke6 79. Nc2 Kd6 80. Kf2 Kc6 81. Ke3 Kb5 82. Ne1 Kc4 83. Nf3 Ne4 84. Ne5+ Kc3
85. Ng6 Nd6 86. Nf8 Nf5+ 87. Kf2 Nxd4 88. Nh7 Ne6 89. Nf6 d4 90. Nxh5 d3 91.
Ng3 Nf4 92. Ne4+ Kc2 93. Kg3 Ne6 94. Nf2 d2 95. Kf3 Nf4 96. h4 Nd3 97. Ng4
d1=Q+ 98. Kg3 Qe1+ 99. Kf3 Qxh4 0-1

[Event "Politiken Cup 2007"]
[Site "Helsingor"]
[Date "2007.07.25"]
[Round "7.31"]
[White "Hirneise, Tobias"]
[Black "Gretarsson, Hjorvar Stein"]
[Result "1-0"]
[WhiteElo "2293"]
[BlackElo "2168"]
[PlyCount "123"]
[EventDate "2007.??.??"]

1. e4 e5 2. Nf3 Nc6 3. Bb5 g6 4. c3 a6 5. Bc4 Bg7 6. d4 d6 7. Bg5 Nge7 8. dxe5
dxe5 9. Qe2 O-O 10. Nbd2 Kh8 11. a4 h6 12. Be3 b6 13. Ng1 Na5 14. Bd3 c5 15. f3
Qd6 16. Nc4 Nxc4 17. Bxc4 Bb7 18. Nh3 f5 19. Nf2 Ng8 20. Bxg8 Rxg8 21. c4 a5
22. Qc2 Qe6 23. Rd1 h5 24. Ke2 Bf6 25. b3 Bc6 26. Bc1 Ra7 27. Bb2 Rf7 28. Qd3
Rd7 29. Qe3 Rf7 30. Rd3 Qe7 31. Rhd1 Kg7 32. Rd6 Rc8 33. Qd3 f4 34. Qc3 Rff8
35. R6d2 Kh7 36. Rd6 Bg7 37. R1d2 Rc7 38. Qc1 Bh6 39. Qg1 g5 40. h3 Bg7 41. Nd1
Bf6 42. Nc3 Bh8 43. Qd1 Bg7 44. R2d3 Re8 45. Kd2 Rcc8 46. Kc2 Qc7 47. Nb5 Qe7
48. Rd2 Rf8 49. R6d3 Rb8 50. Kb1 Ra8 51. Ka2 Rab8 52. Nd6 Bd7 53. Nf5 Bxf5 54.
exf5 Qf6 55. Rd7 Qxf5 56. R2d6 Rf6 57. Qd5 Rxd6 58. Qxd6 Re8 59. Rb7 Re6 60.
Qc7 Qg6 61. Ka3 Rc6 62. Qxe5 1-0

[Event "Politiken Cup 2007"]
[Site "Helsingor"]
[Date "2007.07.25"]
[Round "7.32"]
[White "Corke, Anya"]
[Black "Sylvan, Jacob"]
[Result "1/2-1/2"]
[WhiteElo "2149"]
[BlackElo "2281"]
[PlyCount "44"]
[EventDate "2007.??.??"]

1. d4 g6 2. c4 Bg7 3. Nf3 Nf6 4. Nc3 O-O 5. e4 d6 6. h3 e5 7. d5 a5 8. Bg5 Na6
9. Be2 Qe8 10. g4 Kh8 11. Nd2 Nd7 12. h4 h6 13. Be3 f5 14. gxf5 gxf5 15. exf5
Ndc5 16. f6 Rxf6 17. Nde4 Rf4 18. f3 Bf5 19. Qd2 Bxe4 20. fxe4 Nxe4 21. Nxe4
Rxe4 22. O-O-O Rxe3 1/2-1/2

[Event "Politiken Cup 2007"]
[Site "Helsingor"]
[Date "2007.07.25"]
[Round "7.33"]
[White "Jonsson, Krister"]
[Black "Hagen, Andreas Skytte"]
[Result "1/2-1/2"]
[WhiteElo "2114"]
[BlackElo "2256"]
[PlyCount "102"]
[EventDate "2007.??.??"]

1. d4 Nf6 2. c4 e6 3. Nf3 c5 4. d5 exd5 5. cxd5 d6 6. Nc3 g6 7. e4 Bg7 8. Bg5
a6 9. Nd2 Nbd7 10. a4 O-O 11. Be2 Re8 12. O-O h6 13. Bh4 Qc7 14. Qc2 Rb8 15. f4
c4 16. Bxc4 Ng4 17. Nd1 g5 18. fxg5 Nde5 19. Kh1 Qe7 20. Nf3 Nxf3 21. gxf3 hxg5
22. Bg3 Ne5 23. Ne3 Bh3 24. Rf2 Rbc8 25. Qb3 Nxf3 26. Bd3 Ne5 27. Nf5 Bxf5 28.
Rxf5 Nxd3 29. Qxd3 Bxb2 30. Rg1 f6 31. h4 Qxe4+ 32. Qxe4 Rxe4 33. hxg5 Kf7 34.
Bxd6 Rh8+ 35. Kg2 Kg6 36. Rf4 Rxf4 37. Bxf4 Bd4 38. Rd1 fxg5 39. Rxd4 gxf4 40.
Rxf4 Rd8 41. Rb4 Rd7 42. Rb6+ Kf5 43. d6 Ke5 44. Kf3 Rxd6 45. Rxb7 Rd3+ 46. Ke2
Rd4 47. Rb6 Rxa4 48. Kd3 Kd5 49. Kc3 Kc5 50. Rh6 Ra3+ 51. Kb2 Ra5 1/2-1/2

[Event "Politiken Cup 2007"]
[Site "Helsingor"]
[Date "2007.07.25"]
[Round "7.34"]
[White "Tuominen, Risto"]
[Black "Hansen, Anders"]
[Result "1-0"]
[WhiteElo "2272"]
[BlackElo "2053"]
[PlyCount "61"]
[EventDate "2007.??.??"]

1. d4 Nf6 2. c4 e6 3. Nf3 c5 4. g3 cxd4 5. Nxd4 d5 6. Bg2 e5 7. Nf3 d4 8. O-O
Nc6 9. e3 Bc5 10. exd4 exd4 11. Nbd2 O-O 12. Nb3 Qb6 13. Bg5 Be6 14. Bxf6 gxf6
15. Nh4 Ne5 16. Be4 Bg4 17. Qc1 Ng6 18. Qh6 Rfe8 19. Bxg6 fxg6 20. Nxg6 Bb4 21.
Nf4 Bf8 22. Qh4 Bf3 23. Rfe1 Bg7 24. c5 Qd8 25. Rxe8+ Qxe8 26. Nxd4 Qe4 27.
Nxf3 Qxf3 28. Re1 Rd8 29. Qh5 Qc6 30. Re7 f5 31. Qf7+ 1-0

[Event "Politiken Cup 2007"]
[Site "Helsingor"]
[Date "2007.07.25"]
[Round "7.37"]
[White "Coleman, Teddy"]
[Black "Søndergaard, Thomas"]
[Result "1-0"]
[WhiteElo "2248"]
[BlackElo "1778"]
[PlyCount "75"]
[EventDate "2007.??.??"]

1. d4 g6 2. c4 Bg7 3. Nc3 d6 4. e4 Nd7 5. Nge2 e5 6. d5 f5 7. exf5 gxf5 8. Ng3
Ndf6 9. Bg5 Qd7 10. Bd3 f4 11. Nf5 Qf7 12. Nb5 Kf8 13. f3 a6 14. Nc3 Ne8 15.
Qc2 Bf6 16. Bxf6 Nexf6 17. O-O-O Ne7 18. Nxe7 Kxe7 19. Kb1 Bd7 20. g4 c5 21.
dxc6 bxc6 22. Ne4 Nxe4 23. Bxe4 h6 24. Rd2 Rhd8 25. Rhd1 Be8 26. Qc3 Rab8 27.
c5 d5 28. Qxe5+ Qe6 29. Qg7+ Bf7 30. Bf5 Rg8 31. Qxg8 Bxg8 32. Bxe6 Kxe6 33.
Rd4 Bh7+ 34. Kc1 Ke5 35. Ra4 Ra8 36. Re1+ Kf6 37. h4 Bd3 38. Rxf4+ 1-0

[Event "Politiken Cup 2007"]
[Site "Helsingor"]
[Date "2007.07.25"]
[Round "7.38"]
[White "Jacobsen, Per"]
[Black "Jensen, Hans Askov"]
[Result "1/2-1/2"]
[WhiteElo "1730"]
[BlackElo "1319"]
[PlyCount "92"]
[EventDate "2007.??.??"]

1. b3 e5 2. Bb2 Nc6 3. e3 Nf6 4. Bb5 g6 5. Bxc6 bxc6 6. Bxe5 Bg7 7. Nf3 d6 8.
Bb2 O-O 9. O-O Bg4 10. d4 Ne4 11. h3 Bf5 12. Nbd2 c5 13. Rb1 Qd7 14. Nxe4 Bxe4
15. dxc5 Qf5 16. Bxg7 Kxg7 17. Nh4 Qxc5 18. Rc1 Rfe8 19. c4 Re5 20. Nf3 Bxf3
21. Qxf3 Rb8 22. Rfd1 a5 23. e4 Qa3 24. Ra1 a4 25. Qc3 Qb4 26. Qd4 axb3 27.
axb3 Qc5 28. Qc3 Qb4 29. Qd4 Qc5 30. Qb2 Kf8 31. Kh2 Kg8 32. Rd5 Qb4 33. Rxe5
dxe5 34. Qxe5 Qxb3 35. Qxc7 Qb2 36. Ra7 Rf8 37. f4 h5 38. Qe7 Qf2 39. Qc7 h4
40. Ra1 Re8 41. Qd6 Kg7 42. Rd1 Qg3+ 43. Kh1 Rxe4 44. c5 Re1+ 45. Rxe1 Qxe1+
46. Kh2 Qg3+ 1/2-1/2

[Event "Politiken Cup 2007"]
[Site "Helsingor"]
[Date "2007.07.25"]
[Round "7.39"]
[White "Arvola, Benjamin"]
[Black "Hanssen, Gunnar Berg"]
[Result "1/2-1/2"]
[WhiteElo "2022"]
[BlackElo "2242"]
[PlyCount "84"]
[EventDate "2007.??.??"]

1. d4 d5 2. c4 c6 3. Nc3 Nf6 4. Nf3 a6 5. c5 Bg4 6. Ne5 Bf5 7. Qb3 Ra7 8. f3 g6
9. e4 Be6 10. exd5 Nxd5 11. Nxd5 Bxd5 12. Bc4 Bxc4 13. Qxc4 Qd5 14. Bf4 Nd7 15.
O-O-O Nf6 16. Rhe1 Bg7 17. Bg5 O-O 18. Bxf6 Qxc4+ 19. Nxc4 Bxf6 20. Nb6 e6 21.
Kc2 Kg7 22. Kc3 Bd8 23. Nd7 Rg8 24. Re3 Bc7 25. g3 Raa8 26. f4 Rad8 27. Ne5 Rd5
28. Kc4 Rgd8 29. Rb3 Bxe5 30. fxe5 R8d7 31. a4 h5 32. Rdd3 g5 33. Rb6 Kg6 34.
Rbb3 g4 35. Rbc3 a5 36. Rc1 f6 37. exf6 Kxf6 38. Re1 Kf5 39. Rf1+ Kg6 40. Re1
Kf5 41. Rf1+ Kg6 42. Re1 Kf5 1/2-1/2